| 000 | 00739nam a22001697a 4500 | ||
|---|---|---|---|
| 008 | 140727b xxu||||| |||| 00| 0 eng d | ||
| 082 |
_222 ed _a348.6761 _bHIG |
||
| 100 | _aEdited by Eg Lya, P.F. | ||
| 245 |
_aConsolidated high court bulletin for the year 1975 : _bAdigest of judgements and orders of the high court of Uganda, and the Court of Appeal for East Africa on Appeal from Uganda / _cReprinted and Edited by Eg P.F. Lya |
||
| 260 |
_aKampala, Uganda : _bThe Law Development Centre _c2014 |
||
| 300 |
_avii, 402 P. ; _c28 cm. |
||
| 650 | _aHigh Court Bulletin (1975) | ||
| 650 | _aLaw Reports | ||
| 650 | _aConsolidated high court bulletin for the year 1975 | ||
| 700 | _aAssistant Editor Mr.E.M. Wante | ||
| 942 |
_2ddc _cLRT |
||
| 999 |
_c5951 _d5951 |
||